Представление документа в формате RUSMARC

ПолеНазваниеЗначение
  Тип записи a
  Библиографический уровень m
001 Контрольный номер RU/SLIB/B/208746073
005 Дата корректировки 20201206204113.7
010 Индекс ISBN __
d Цена 1-20
101 Язык документа __
a Язык текста rus
200 Заглавие и сведения об ответственности 1_
a Заглавие Надежность строительных машин и оборудования
e Сведения, относящиеся к заглавию учеб. пособие
f Первые сведения об ответственности Волков Д. П., Николаев С. Н.
b Общее обозначение материала Текст
210 Выходные данные __
a Место издания М.
c Издательство Высш. шк.
d Дата издания 1979
215 Физическое описание __
a Объем 400 с.
606 Тематические рубрики __
a Основная рубрика Строительство
606 Тематические рубрики __
a Основная рубрика Технология строительного производства в целом
610 Ключевые слова __
a Ключевые слова строительные машины; строительное оборудование; надежность строительных машин; надежного строительного оборудования
686 Индексы других классификаций __
a Классификационный индекс 38.6-5я73
700 Автор __
a Фамилия Волков
b Имя Д. П.
4 Код отношения 070
702 Вторичная интеллектуальная ответственность _1
a Фамилия Николаев
b Имя С. Н.
4 Код отношения Автор
801 Источник записи _0
a Страна RU
b Организация Муниципальное бюджетное учреждение культуры "Централизованная библиотечная система" г. Сургут (Центральная городская библиотека им. А. С. Пушкина)
g Правила каталогизации КиК/Елгина
801 Источник записи _1
a Страна RU
b Организация Муниципальное бюджетное учреждение культуры "Централизованная библиотечная система" г. Сургут (Центральная городская библиотека им. А. С. Пушкина)
g Правила каталогизации КиК/Елгина
852 Данные о местонахождении __
j Шифр хранения 38.6-5я73
c Каталожный индекс 38.6-5я73
i Авторский знак В 67
p Инвентарный номер 149878(с)
901 Тип документа __
t Тип документа m
969 Тип издания __
a Тип издания учебное пособие
990 Данные о заказе (DOS) __
j Количество экземпляров (DOS) 1